Premier League 2021/22 English Players - Statistics

General Stats
  • This quiz has been taken 45 times
    44 since last reset
  • The average score is 77 of 210
Answer Stats
Club Position Number Player % Correct
Manchester United GK 26 Dean Henderson
90%
Liverpool MF 14 Jordan Henderson
90%
Tottenham Hotspur FW 10 Harry Kane
83%
Everton GK 1 Jordan Pickford
80%
Manchester City DF 2 Kyle Walker
80%
Manchester United FW 10 Marcus Rashford
80%
Chelsea FW 20 Callum Hudson-Odoi
77%
Liverpool MF 17 Curtis Jones
77%
Manchester United DF 5 Harry Maguire
77%
Aston Villa MF 10 Jack Grealish
77%
Manchester City DF 5 John Stones
77%
Manchester United DF 4 Phil Jones
77%
Manchester City FW 7 Raheem Sterling
77%
Arsenal MF 7 Bukayo Saka
73%
Arsenal MF 10 Emile Smith Rowe
73%
Manchester United DF 23 Luke Shaw
73%
Chelsea MF 19 Mason Mount
73%
Liverpool DF 66 Trent Alexander-Arnold
73%
Tottenham Hotspur DF 15 Eric Dier
70%
Manchester United MF 14 Jesse Lingard
70%
Wolves MF 18 Morgan Gibbs-White
70%
Brighton & Hove Albion DF 3 Ben White
67%
Tottenham Hotspur MF 20 Dele Alli
67%
Tottenham Hotspur MF 8 Harry Winks
67%
Liverpool MF 7 James Milner
67%
Leicester City FW 9 Jamie Vardy
67%
Manchester United FW 11 Mason Greenwood
67%
Manchester City MF 47 Phil Foden
67%
Chelsea DF 24 Reece James
67%
Chelsea DF 21 Ben Chilwell
63%
Manchester United DF 33 Brandon Williams
63%
Southampton GK 44 Fraser Forster
63%
Leicester City MF 10 James Maddison
63%
Leeds United MF 23 Kalvin Phillips
63%
Liverpool DF 47 Nathaniel Phillips
63%
Burnley GK 1 Nick Pope
63%
Liverpool DF 46 Rhys Williams
63%
Liverpool MF 15 Alex Oxlade-Chamberlain
60%
Burnley FW 10 Ashley Barnes
60%
Wolves DF 16 Conor Coady
60%
Southampton FW 9 Danny Ings
60%
Leicester City MF 11 Harvey Barnes
60%
Chelsea FW 9 Tammy Abraham
60%
Everton FW 9 Dominic Calvert-Lewin
57%
Arsenal FW 30 Eddie Nketiah
57%
Southampton MF 8 James Ward-Prowse
57%
Liverpool DF 12 Joe Gomez
57%
Crystal Palace DF 2 Joel Ward
57%
Aston Villa FW 11 Ollie Watkins
57%
Arsenal DF 16 Rob Holding
57%
Aston Villa DF 5 Tyrone Mings
57%
Manchester United DF 29 Aaron Wan-Bissaka
53%
Liverpool DF 28 Ben Davies
53%
Watford GK 1 Ben Foster
53%
Arsenal DF 21 Calum Chambers
53%
West Ham United MF TBD Declan Rice
53%
Arsenal MF 28 Joe Willock
53%
Everton DF 5 Michael Keane
53%
Everton MF 26 Tom Davies
53%
Southampton GK 1 Alex McCarthy
50%
Brentford FW 17 Ivan Toney
50%
Burnley DF 5 James Tarkowski
50%
Aston Villa DF 2 Matty Cash
50%
Norwich City DF 2 Max Aarons
50%
Tottenham Hotspur MF 29 Oliver Skipp
50%
Leeds United FW 9 Patrick Bamford
50%
West Ham United DF TBD Ben Johnson
47%
Newcastle United FW 13 Callum Wilson
47%
Aston Villa DF 4 Ezri Konsa
47%
Liverpool FW 67 Harvey Elliott
47%
Tottenham Hotspur GK 12 Joe Hart
47%
Brighton & Hove Albion DF 5 Lewis Dunk
47%
Everton DF 4 Mason Holgate
47%
Aston Villa DF 18 Matt Targett
47%
Everton FW TBD Andros Townsend
43%
Burnley DF 6 Ben Mee
43%
Brighton & Hove Albion DF 33 Dan Burn
43%
Newcastle United GK 26 Karl Darlow
43%
Chelsea MF TBD Ross Barkley
43%
Arsenal MF 15 Ainsley Maitland-Niles
40%
Watford FW 18 Andre Gray
40%
Brighton & Hove Albion FW 18 Danny Welbeck
40%
Everton FW 11 Demarai Gray
40%
West Ham United FW TBD Jarrod Bowen
40%
Southampton DF 2 Kyle Walker-Peters
40%
Manchester United GK 13 Lee Grant
40%
Leeds United DF 2 Luke Ayling
40%
Brighton & Hove Albion DF 2 Tariq Lamptey
40%
Manchester United GK TBD Tom Heaton
40%
Watford FW 9 Troy Deeney
40%
Brighton & Hove Albion DF 4 Adam Webster
37%
Everton DF 22 Ben Godfrey
37%
Burnley MF 11 Dwight McNeil
37%
Crystal Palace GK 1 Jack Butland
37%
Leicester City DF 2 James Justin
37%
Crystal Palace DF 5 James Tomkins
37%
Burnley DF 2 Matthew Lowton
37%
Arsenal FW 24 Reiss Nelson
37%
Manchester City GK 33 Scott Carson
37%
Crystal Palace DF 27 Tyrick Mitchell
37%
Brighton & Hove Albion MF 14 Adam Lallana
33%
Norwich City GK TBD Angus Gunn
33%
Aston Villa DF TBD Ashley Young
33%
West Ham United DF TBD Craig Dawson
33%
Leeds United MF 22 Jack Harrison
33%
Aston Villa MF 41 Jacob Ramsey
33%
Tottenham Hotspur DF 25 Japhet Tanganga
33%
Burnley FW 19 Jay Rodriguez
33%
Leicester City DF 33 Luke Thomas
33%
West Ham United MF TBD Mark Noble
33%
Brentford MF TBD Myles Peart-Harris
33%
Norwich City MF 14 Todd Cantwell
33%
West Ham United DF TBD Aaron Cresswell
30%
Manchester United DF 38 Axel Tuanzebe
30%
Burnley DF 3 Charlie Taylor
30%
Crystal Palace MF 25 Eberechi Eze
30%
Burnley MF 4 Jack Cork
30%
Newcastle United DF 6 Jamaal Lascelles
30%
Wolves GK 21 John Ruddy
30%
Newcastle United MF 8 Jonjo Shelvey
30%
Aston Villa FW 39 Keinan Davis
30%
Leeds United DF 40 Leif Davis
30%
Newcastle United MF 43 Matty Longstaff
30%
Southampton FW 11 Nathan Redmond
30%
Brentford DF 3 Rico Henry
30%
Chelsea MF TBD Ruben Loftus-Cheek
30%
Newcastle United MF 36 Sean Longstaff
30%
Southampton FW 32 Theo Walcott
30%
Watford MF 19 Will Hughes
30%
Crystal Palace DF 24 Gary Cahill
27%
Southampton GK 41 Harry Lewis
27%
Aston Villa DF 30 Kortney Hause
27%
Crystal Palace DF TBD Marc Guehi
27%
Wolves DF 49 Max Kilman
27%
Leicester City DF TBD Ryan Bertrand
27%
Crystal Palace DF 6 Scott Dann
27%
Brighton & Hove Albion MF 20 Solly March
27%
Everton FW 24 Anthony Gordon
23%
Burnley MF 18 Ashley Westwood
23%
Burnley MF 16 Dale Stephens
23%
Watford DF TBD Danny Rose
23%
Newcastle United GK 41 Freddie Woodman
23%
Southampton DF 5 Jack Stephens
23%
Burnley MF 8 Josh Brownhill
23%
Leicester City MF 15 Marc Albrighton
23%
Watford MF 14 Nathaniel Chalobah
23%
Crystal Palace DF 17 Nathaniel Clyne
23%
Manchester City MF TBD Patrick Roberts
23%
Manchester United FW 74 Shola Shoretire
23%
Watford MF 8 Tom Cleverley
23%
Leeds United MF 4 Adam Forshaw
20%
Tottenham Hotspur GK 41 Alfie Whiteman
20%
Newcastle United FW 7 Andy Carroll
20%
Chelsea MF TBD Danny Drinkwater
20%
West Ham United GK TBD David Martin
20%
Newcastle United MF 14 Isaac Hayden
20%
Newcastle United MF 23 Jacob Murphy
20%
Leeds United MF 46 Jamie Shackleton
20%
Crystal Palace DF 34 Martin Kelly
20%
West Ham United DF TBD Ryan Fredericks
20%
Tottenham Hotspur MF 19 Ryan Sessegnon
20%
Norwich City DF 34 Ben Gibson
17%
Newcastle United FW 12 Dwight Gayle
17%
Everton MF 8 Fabian Delph
17%
Leeds United MF 7 Ian Poveda
17%
Manchester United MF 37 James Garner
17%
Everton DF 2 Jonjoe Kenny
17%
Manchester United DF 43 Teden Mengi
17%
Leicester City MF 20 Hamza Choudhury
13%
Tottenham Hotspur MF 47 Jack Clarke
13%
Everton DF 30 Jarrad Branthwaite
13%
Brighton & Hove Albion GK 23 Jason Steele
13%
Aston Villa GK 12 Jed Steer
13%
Watford DF 3 Jeremy Ngakia
13%
Liverpool FW 54 Sheyi Ojo
13%
Brighton & Hove Albion GK 31 Christian Walton
10%
Southampton FW 40 Dan N'Lundulu
10%
Chelsea GK TBD Jamie Cumming
10%
Norwich City MF 10 Kieran Dowell
10%
Southampton MF 23 Nathan Tella
10%
Crystal Palace GK TBD Remi Matthews
10%
Norwich City DF 3 Sam Byram
10%
Chelsea MF TBD Tino Anjorin
10%
Watford FW TBD Ashley Fletcher
7%
Brentford DF 2 Dominic Thompson
7%
Everton FW 19 Ellis Simms
7%
Crystal Palace MF 39 Jesurun Rak-Sakyi
7%
Norwich City FW 9 Jordan Hugill
7%
Brentford MF 14 Josh Dasilva
7%
Newcastle United DF 35 Kell Watts
7%
Chelsea MF TBD Lewis Baker
7%
Newcastle United GK 29 Mark Gillespie
7%
Burnley GK 25 Will Norris
7%
Watford GK 35 Adam Parkes
3%
Arsenal GK 33 Arthur Okonkwo
3%
Norwich City GK 38 Aston Oxborough
3%
Norwich City DF 26 Bali Mumba
3%
Brentford DF 4 Charlie Goode
3%
Crystal Palace FW 21 Connor Wickham
3%
Watford MF 16 Dan Gosling
3%
Newcastle United GK 54 Dan Langley
3%
Chelsea DF TBD Jake Clarke-Salter
3%
Burnley MF 41 Josh Benson
3%
Watford FW TBD Kwadwo Baah
3%
Brentford MF 38 Maxwell Haygarth
3%
Crystal Palace DF 36 Nathan Ferguson
3%
Crystal Palace MF 37 Nya Kirby
3%
Crystal Palace DF 38 Reece Hannam
3%
Crystal Palace DF 35 Sam Woods
3%
Watford DF TBD Mattie Pollock
0%
No matching quizzes found
Score Distribution
Percent of People with Each Score
Percentile by Number Answered
Your Score History
You have not taken this quiz since the last reset